|
|
|
|
| LEADER |
00000cam a2200000 a 4500 |
| 001 |
vtls001113187 |
| 003 |
SK-MaSNL |
| 005 |
20260302051213.0 |
| 008 |
251029s1978 xo da f n 000 0 slo |
| 015 |
|
|
|a SNBA1978
|
| 035 |
|
|
|a SNK000056030
|
| 035 |
|
|
|a urn:nbn:sk:snk-amlf48
|
| 035 |
|
|
|a urn:nbn:sk:snk-am008y3i
|
| 035 |
|
|
|a 8F618EEB-1037-4C8E-86D8-5F44BBEEF7DA
|
| 040 |
|
|
|a SNK
|b slo
|c SNK
|e AACR2
|
| 041 |
0 |
|
|a slo
|
| 044 |
|
|
|a xo
|c SK
|
| 080 |
|
|
|a 330.564.2(437):303.725:681.322(437.31)
|2 1981
|
| 080 |
|
|
|a 303.725
|2 1981
|
| 080 |
|
|
|a 681.322(437.31)
|2 1981
|
| 080 |
|
|
|a 681.322
|2 1981
|
| 080 |
|
|
|a 330.564.2(437)(047.31)
|2 1981
|
| 100 |
1 |
|
|a Ondrčka, Pavel,
|d 1935-
|4 aut
|9 194467
|
| 245 |
1 |
0 |
|a Analýza príjmov a osobnej spotreby z prierezových údajov ČSSR
|b Hl. ú.: SPEV V-1/3 Integrovaný štatistický informačný systém
|c Pavol Ondrčka ...[et al.]
|
| 246 |
3 |
0 |
|a Integrovaný štatistický informačný systém
|
| 260 |
|
|
|a Bratislava
|b Výsk. výpočtové stredisko
|c 1978
|
| 300 |
|
|
|a 248 s.
|b grafy, tab.
|c 29 cm
|
| 366 |
|
|
|e 109 výt.
|
| 490 |
1 |
|
|a Výskumné práce
|v č. 136/1976
|
| 500 |
|
|
|a Výklad použ. pojmov
|
| 504 |
|
|
|a Bibliogr. odkazy
|
| 650 |
0 |
7 |
|a individuálna spotreba
|2 SNKPH
|9 67657
|
| 650 |
0 |
7 |
|a obyvateľstvo
|2 SNKPH
|9 4654
|
| 650 |
0 |
7 |
|a informačné štatistické systémy
|2 SNKPH
|9 706549
|
| 655 |
|
7 |
|a výskumné správy
|2 SNKPH
|9 70491
|
| 700 |
1 |
|
|a Hajnovič, František
|4 aut
|9 487152
|
| 700 |
1 |
|
|a Hatráková, Katarína
|4 aut
|9 656172
|
| 700 |
1 |
|
|a Horváth, Alexander,
|d 1954-
|4 aut
|9 121296
|
| 700 |
1 |
|
|a Knoll, Otto,
|d 1943-
|4 aut
|9 230761
|
| 700 |
1 |
|
|a Ondrejka, Ján
|4 aut
|9 706550
|
| 700 |
1 |
|
|a Paľová, Anastázia
|4 aut
|9 706551
|
| 700 |
1 |
|
|a Šebeňová, Oľga
|4 aut
|9 706552
|
| 830 |
|
0 |
|a Výskumné práce
|9 276904
|
| 852 |
|
|
|a Slovenská národná knižnica
|
| 958 |
|
|
|a OND
|
| 958 |
|
|
|a RM
|
| 958 |
|
|
|a NB
|
| 999 |
|
|
|c 1100321
|d 1102251
|
| 952 |
|
|
|a SNK
|b SNK
|y PREZ
|7 0
|p 17A0968651
|o snkSB 26747
|i snkKSP 4185/78
|0 0
|1 0
|4 0
|d 2014-07-09
|f 1
|l 0
|r 2026-02-24 17:28:08
|w 2026-02-24
|